000
00276nam a22001217a 4500
008
171012b xxu||||| |||| 00| 0 eng d
041
_a
eng
080
_a
316
100
_a
50
101
_a
SOC
245
_a
METHODS OF RESEARCH IN COMMUNICATION
_c
EMMERT, PH
942
_2
udc
_c
BK
999
_c
33323
_d
33323